000 00406nam a2200157 i 4500
001 55502
003 ES-MaACL
005 20230906163147.0
007 t|
008 030922s1924 fr ||||1| fre d
100 1 _aDerys, Gaston.
_943808
245 1 2 _aL'amant perpetuel
_b: roman /
_cGaston Derys.
260 _aParis :
_bAlbin Michel,
_c1924.
300 _a292 p. ;
_c19 cm.
852 _aES-MaACL
_jF-4884
999 _c55502
_d55502